00469 a2200145 4500001000700000040003500007100002000042240004700062245004200109440001200151697002400163942000700187952011000194999001900304153419 cEscola São Tomás de Aquino aBREZINA, Thomas10aQuem vai achar o tesouro de Van Gogh?lpor10aQuem vai achar o tesouro de Van Gogh? 1aÁtica a*LITERATURA JUVENIL cBK 00104070a12.22b12.22d2024-04-30l0o028.54 BRE QUEpEST00007470r2024-04-30 22:11:08w2024-04-30yBK c153419d153419